000 005870000a22001810004500
003 MACL
005 20160511125126.0
008 160511b xxu||||| |||| 00| 0 eng d
040 _aMACL
_cMACL
041 _aHindi
082 _a891.431 CHA
100 _aचतुर्वेदी, नंद
_956099
245 _aईमानदार दुनिया के लिए
_cनंद चतुर्वेदी
260 _bपंचशील प्रकाशन
_c1994
_aजयपुर
350 _a70
650 _aHinid Poetry
_956100
942 _cHIN
_k891.431/CHA/P
_2ddc
999 _c19866
_d19866